000 00582nam a2200181 i 4500
001 93918
003 ES-MaACL
005 20230906181338.0
007 t|
008 050422s1947 sp ||||1| spa d
100 1 _aLópez Prieto, Ramón.
_973901
245 1 0 _aAnatomía funcional del sistema nervioso vegetativo /
_cRamón López Prieto, Francisco García Uría.
260 _aValladolid :
_bCuesta,
_c1947.
300 _aVIII, 172 p. :
_bil. ;
_c25 cm.
650 0 4 _aNeuroanatomía.
_915523
700 1 _aGarcía Uría, Francisco.
_955352
852 _aES-MaACL
_jC-4715
_bR.25265
999 _c93918
_d93918